Control Engineering (Record no. 314413)
[ view plain ]
| 000 -LEADER | |
|---|---|
| fixed length control field | 00424nam a2200157Ia 4500 |
| 008 - FIXED-LENGTH DATA ELEMENTS--GENERAL INFORMATION | |
| fixed length control field | 230718s9999 xx 000 0 und d |
| 041 ## - LANGUAGE CODE | |
| Language code of text/sound track or separate title | eng |
| 082 ## - DEWEY DECIMAL CLASSIFICATION NUMBER | |
| Classification number | 629.8 |
| Item number | WIL |
| 100 ## - MAIN ENTRY--PERSONAL NAME | |
| Personal name | Wilkie J. |
| 245 ## - TITLE STATEMENT | |
| Title | Control Engineering |
| Remainder of title | An Introductory course |
| 260 ## - PUBLICATION, DISTRIBUTION, ETC. (IMPRINT) | |
| Date of publication, distribution, etc. | 2003 |
| Name of publisher, distributor, etc. | Palgrave |
| 300 ## - PHYSICAL DESCRIPTION | |
| Extent | 750 |
| 365 ## - TRADE PRICE | |
| Currency code | Rs. |
| Price amount | 595.00 |
| 700 ## - ADDED ENTRY--PERSONAL NAME | |
| Personal name | Wilkie J., Johnson M. & Katebi R. |
| 9 (RLIN) | 188818 |
| 906 ## - LOCAL DATA ELEMENT F, LDF (RLIN) | |
| d | 1099/13.8.06 |
| c | ELECT |
| b | 119 |
| Withdrawn status | Lost status | Damaged status | Not for loan | Home library | Current library | Date acquired | Vendor | Budget Code | Cost, normal purchase price | Bill number | Total Checkouts | Full call number | Barcode | Date last seen | Discount | Cost, replacement price | Bill Date | Koha item type | Original Barcode |
|---|---|---|---|---|---|---|---|---|---|---|---|---|---|---|---|---|---|---|---|
| Cummins College of Engineering for Women Pune | Cummins College of Engineering for Women Pune | 19/08/2006 | Pradeep Book Distributors | ELECT | 476.00 | 1099/13.8.06 | 629.8 | CCEP-BK-25620 | 18/07/2023 | 119 | 595.00 | 13/08/2006 | Books | 025620 |